Arrêts des TPG (lignes 1 à 20) - Statistiques

Statistiques générales
  • Ce quiz a été pris 60 fois
  • Le résultat moyen est 149 sur 470
Statistiques - réponses
Type de quiz Ligne Arrêt % Correct
Autobus Principal 1 Gare Cornavin
85%
Autobus Principal 5 gare Cornavin
85%
Trolleybus 6 gare Cornavin
85%
Autobus Principal 8 gare Cornavin
85%
Autobus Principal 9 gare Cornavin
85%
Trolleybus 10 gare Cornavin
85%
Tramway 14 gare Cornavin
85%
Tramway 15 gare Cornavin
85%
Tramway 18 gare Cornavin
85%
Trolleybus 19 gare Cornavin
85%
Trolleybus 6 Rive
78%
Trolleybus 7 Rive
78%
Autobus Principal 8 Rive
78%
Autobus Principal 9 Rive
78%
Trolleybus 10 Rive
78%
Tramway 12 Rive
78%
Tramway 17 Rive
78%
Trolleybus 2 Bel-Air
75%
Trolleybus 3 Bel-Air
75%
Autobus Principal 5 Bel-Air
75%
Trolleybus 7 Bel-Air
75%
Trolleybus 10 Bel-Air
75%
Tramway 12 Bel Air
75%
Tramway 14 Bel Air
75%
Tramway 17 Bel-Air
75%
Tramway 18 Bel-Air
75%
Trolleybus 19 Bel-Air
75%
Autobus Principal 20 Bel-Air
75%
Trolleybus 10 Balexert
70%
Tramway 14 Balexert
70%
Tramway 18 Balexert
70%
Trolleybus 2 Molard
68%
Trolleybus 7 Molard
68%
Trolleybus 10 Molard
68%
Tramway 12 Molard
68%
Tramway 17 Molard
68%
Tramway 15 Nation
68%
Autobus Principal 1 Plainpalais
65%
Tramway 12 Plainpalais
65%
Tramway 15 Plainpalais
65%
Tramway 17 Plainpalais
65%
Tramway 18 Plainpalais
65%
Autobus Principal 1 Stand
65%
Tramway 14 Stand
65%
Tramway 15 Stand
65%
Autobus Principal 1 Cirque
60%
Trolleybus 2 Cirque
60%
Tramway 15 Cirque
60%
Trolleybus 19 Cirque
60%
Autobus Principal 5 Genève Aéroport
60%
Trolleybus 10 Genève-Aéroport
60%
Autobus Principal 1 Hôpital
60%
Autobus Principal 5 Hôpital
60%
Trolleybus 7 Hôpital
60%
Trolleybus 3 Place de Neuve
60%
Autobus Principal 5 Place de Neuve
60%
Tramway 12 Place de Neuve
60%
Tramway 17 Place de Neuve
60%
Tramway 18 Place de Neuve
60%
Autobus Principal 20 Place de Neuve
60%
Trolleybus 3 Servette
60%
Autobus Principal 11 Servette
60%
Tramway 14 Servette
60%
Tramway 18 Servette
60%
Trolleybus 3 Champel
58%
Trolleybus 7 Champel
58%
Autobus Principal 11 Eaux-Vives
58%
Tramway 12 Eaux-Vives
58%
Tramway 17 Eaux-Vives
58%
Trolleybus 2 Jonction
58%
Tramway 14 Jonction
58%
Trolleybus 19 Jonction
58%
Trolleybus 3 Lyon
58%
Tramway 14 Lyon
58%
Tramway 18 Lyon
58%
Tramway 12 Pont-d'Arve
58%
Tramway 18 Pont-d'Arve
58%
Trolleybus 6 Charmilles
55%
Trolleybus 10 Charmilles
55%
Autobus Principal 11 Charmilles
55%
Trolleybus 19 Charmilles
55%
Autobus Principal 1 Jardin-Botanique
55%
Autobus Principal 11 Jardin Botanique
55%
Tramway 15 Uni-Mail
55%
Tramway 17 Uni-Mail
55%
Trolleybus 10 Bouchet
53%
Tramway 14 Bouchet
53%
Tramway 18 Bouchet
53%
Trolleybus 2 Genève Plage
53%
Trolleybus 6 Genève Plage
53%
Trolleybus 6 Mont-Blanc
53%
Autobus Principal 8 Mont-Blanc
53%
Autobus Principal 9 Mont-Blanc
53%
Tramway 18 CERN
50%
Trolleybus 3 Coutance
50%
Autobus Principal 5 Coutance
50%
Trolleybus 10 Coutance
50%
Tramway 14 Coutance
50%
Tramway 18 Coutance
50%
Trolleybus 19 Coutance
50%
Autobus Principal 20 Coutance
50%
Autobus Principal 1 Terrassière
50%
Tramway 12 Terrassière
50%
Tramway 17 Terrassière
50%
Tramway 15 Acacias
48%
Tramway 17 Acacias
48%
Tramway 12 Blanche
48%
Tramway 18 Blanche
48%
Tramway 14 Blandonnet
48%
Tramway 18 Blandonnet
48%
Tramway 15 Lancy-Pont-Rouge
48%
Tramway 17 Lancy-Pont-Rouge
48%
Tramway 12 Moillesulaz
48%
Tramway 17 Moillesulaz
48%
Tramway 15 Palettes
48%
Tramway 18 Palettes
48%
Trolleybus 3 Poterie
48%
Tramway 14 Poterie
48%
Tramway 18 Poterie
48%
Trolleybus 6 Vernier Village
48%
Trolleybus 19 Vernier Village
48%
Tramway 12 Augustins
45%
Tramway 18 Augustins
45%
Trolleybus 6 Chantepoulet
45%
Autobus Principal 8 Chantepoulet
45%
Trolleybus 7 Lignon-Tours
45%
Autobus Principal 9 Lignon-Tours
45%
Trolleybus 7 Mercier
45%
Trolleybus 2 Métropole
45%
Trolleybus 6 Métropole
45%
Trolleybus 7 Métropole
45%
Autobus Principal 8 Métropole
45%
Autobus Principal 9 Métropole
45%
Autobus Principal 8 OMS
45%
Trolleybus 3 Gardiol
43%
Trolleybus 19 Onex Cité
43%
Trolleybus 3 Athénée
40%
Autobus Principal 5 Athénée
40%
Trolleybus 7 Athénée
40%
Autobus Principal 5 Palexpo
40%
Trolleybus 6 Bois-des-Frères
38%
Trolleybus 19 Bois-des-Frères
38%
Trolleybus 7 Bout-du-Monde
38%
Autobus Principal 11 Bout-du-Monde
38%
Tramway 15 Buttini
38%
Trolleybus 7 Délices
38%
Autobus Principal 9 Délices
38%
Autobus Principal 11 Délices
38%
Trolleybus 6 Dôle
38%
Trolleybus 10 Dôle
38%
Trolleybus 19 Dôle
38%
Tramway 14 Vieusseux
38%
Tramway 18 Vieusseux
38%
Autobus Principal 1 31-Décembre
35%
Autobus Principal 9 31-Décembre
35%
Autobus Principal 8 Appia
35%
Autobus Principal 20 Appia
35%
Autobus Principal 11 Armes
35%
Tramway 12 Armes
35%
Tramway 18 Armes
35%
Tramway 12 Grangettes
35%
Tramway 17 Grangettes
35%
Tramway 14 Les Esserts
35%
Trolleybus 2 Musée d'ethnographie
35%
Trolleybus 19 Musée d'Ethnographie
35%
Trolleybus 2 Théâtre
35%
Trolleybus 19 Théâtre
35%
Tramway 12 Villereuse
35%
Tramway 17 Villereuse
35%
Tramway 14 Avanchet
33%
Tramway 18 Avanchet
33%
Trolleybus 6 Châtelaine
33%
Trolleybus 19 Châtelaine
33%
Tramway 12 De-Staël
33%
Tramway 18 De-Staël
33%
Tramway 14 Jardin-Alpin-Vivarium
33%
Tramway 18 Jardin-Alpin-Vivarium
33%
Tramway 14 Palladium
33%
Autobus Principal 1 Place-Claparède
33%
Trolleybus 3 Place Claparède
33%
Autobus Principal 5 Place Claparède
33%
Trolleybus 10 Tour-de-Contrôle
33%
Autobus Principal 5 Varembé
33%
Autobus Principal 20 Varembé
33%
Trolleybus 6 Vernier Ecole
33%
Trolleybus 19 Vernier Ecole
33%
Trolleybus 6 Vernier Gare
33%
Trolleybus 19 Vernier Gare
33%
Autobus Principal 8 Veyrier Douane
33%
Tramway 12 Ancienne
30%
Tramway 18 Ancienne
30%
Tramway 14 Bandol
30%
Trolleybus 10 Franchises
30%
Tramway 14 Gravière
30%
Trolleybus 6 Guye
30%
Trolleybus 10 Guye
30%
Trolleybus 19 Guye
30%
Tramway 18 Hôpital de la Tour
30%
Tramway 15 Industrielle
30%
Tramway 17 Industrielle
30%
Autobus Principal 5 Le Pommier
30%
Autobus Principal 5 Malagnou
30%
Tramway 18 Meyrin Village
30%
Autobus Principal 5 Muséum
30%
Autobus Principal 1 Navigation
30%
Trolleybus 3 Palais Eynard
30%
Autobus Principal 5 Palais Eynard
30%
Tramway 12 Place Favre
30%
Tramway 17 Place Favre
30%
Autobus Principal 5 Rieu
30%
Autobus Principal 11 Rieu
30%
Tramway 12 Rondeau
30%
Tramway 18 Rondeau
30%
Tramway 12 Bachet
28%
Autobus Principal 11 Carouge Marché
28%
Trolleybus 2 Chemin du Bac
28%
Trolleybus 19 Chemin du Bac
28%
Tramway 15 Collège Sismondi
28%
Trolleybus 7 Contrat-Social
28%
Autobus Principal 9 Contrat-Social
28%
Trolleybus 3 Crêts de Champel
28%
Autobus Principal 11 Crêts-de-Champel
28%
Autobus Principal 1 Florissant
28%
Autobus Principal 5 Florissant
28%
Autobus Principal 8 Florissant
28%
Tramway 12 Grange-Canal
28%
Tramway 17 Grange-Canal
28%
Tramway 12 Graveson
28%
Tramway 17 Graveson
28%
Tramway 18 Lancy-Bachet
28%
Autobus Principal 1 Petit Bel-Air
28%
Autobus Principal 9 Petit-Bel-Air
28%
Tramway 14 Petit Lancy Place
28%
Trolleybus 2 Place des Eaux-Vives
28%
Trolleybus 6 Place des Eaux-Vives
28%
Autobus Principal 9 Place des Eaux-Vives
28%
Trolleybus 6 Prairie
28%
Autobus Principal 9 Prairie
28%
Trolleybus 19 Prairie
28%
Autobus Principal 11 Amandolier
25%
Tramway 12 Amandolier
25%
Tramway 17 Amandolier
25%
Trolleybus 7 Aubépine
25%
Trolleybus 7 Camille-Martin
25%
Autobus Principal 9 Camille-Martin
25%
Trolleybus 6 De-Sauvage
25%
Trolleybus 19 De-Sauvage
25%
Tramway 17 Pictet-Thellusson
25%
Autobus Principal 1 Goulart
25%
Tramway 15 Goulart
25%
Trolleybus 3 Grand-Pré
25%
Autobus Principal 11 Grand-Pré
25%
Autobus Principal 5 Grand-Saconnex place
25%
Autobus Principal 5 Intercontinental
25%
Autobus Principal 8 Intercontinental
25%
Autobus Principal 8 Krieg
25%
Tramway 15 Lancy Piscine
25%
Tramway 15 Maison de la Paix
25%
Tramway 12 Marché
25%
Tramway 18 Marché
25%
Trolleybus 7 Miléant
25%
Autobus Principal 9 Miléant
25%
Autobus Principal 11 Miléant
25%
Tramway 15 Môle
25%
Trolleybus 2 Onex Salle communale
25%
Tramway 14 Onex Salle communale
25%
Autobus Principal 1 Perle du Lac
25%
Tramway 15 Pictet-Thellusson
25%
Tramway 14 Vailly
25%
Autobus Principal 5 Vallard
25%
Autobus Principal 11 Vernets
25%
Trolleybus 6 Vernier Marché
25%
Trolleybus 19 Vernier Marché
25%
Trolleybus 2 Vollandes
25%
Trolleybus 6 Vollandes
25%
Trolleybus 10 WTC
25%
Trolleybus 7 Aïre
23%
Autobus Principal 8 Aubert
23%
Autobus Principal 11 Aubert
23%
Tramway 18 Bois-du-Lan
23%
Trolleybus 7 Fontenette
23%
Autobus Principal 11 Fontenette
23%
Tramway 14 Forumeyrin
23%
Trolleybus 7 Jean-Jacques
23%
Autobus Principal 9 Jean-Jacques
23%
Tramway 14 La Dode
23%
Trolleybus 7 Lignon-Cité
23%
Autobus Principal 9 Lignon-Cité
23%
Autobus Principal 8 Motta
23%
Autobus Principal 11 Motta
23%
Tramway 17 Parc Montessuit
23%
Tramway 12 Peillonnex
23%
Tramway 17 Peillonnex
23%
Tramway 14 Quidort
23%
Trolleybus 2 Rue du Lac
23%
Trolleybus 6 Rue du LAc
23%
Autobus Principal 11 Seujet
23%
Autobus Principal 5 Sous-Moulin
23%
Tramway 18 Trèfle-Blanc
23%
Tramway 14 Vaudagne
23%
Autobus Principal 11 Wendt
23%
Autobus Principal 8 Conches
20%
Trolleybus 7 Concorde
20%
Autobus Principal 9 Concorde
20%
Tramway 17 Croix-D'Ambilly
20%
Trolleybus 10 De-Joinville
20%
Trolleybus 3 Gos
20%
Autobus Principal 1 Gradelle
20%
Autobus Principal 9 Gradelle
20%
Tramway 12 Grange-Falquet
20%
Tramway 17 Grange-Falquet
20%
Autobus Principal 1 Hôpital Trois-Chêne
20%
Trolleybus 7 Musée d'Art et d'Histoire
20%
Trolleybus 7 Pédiatrie
20%
Tramway 15 Place du 1er Août
20%
Trolleybus 2 Plage des Eaux-Vives
20%
Trolleybus 6 Plage des Eaux-Vives
20%
Trolleybus 2 Sainte-Clotilde
20%
Trolleybus 19 Sainte Clotilde
20%
Trolleybus 3 Tourelle
20%
Autobus Principal 1 Tranchées
20%
Autobus Principal 8 Tranchées
20%
Trolleybus 3 Trembley
20%
Autobus Principal 20 Valavran
20%
Autobus Principal 1 Belle-Terre Ecole
18%
Autobus Principal 9 Belle-Terre Ecole
18%
Autobus Principal 8 BIT
18%
Trolleybus 3 Bovy-Lysberg
18%
Trolleybus 6 Champ-Claude
18%
Trolleybus 19 Champ-Claude
18%
Autobus Principal 8 Contamines
18%
Tramway 14 Croisée de Confignon
18%
Autobus Principal 8 Grottes
18%
Trolleybus 6 Les Ouches
18%
Trolleybus 19 Les Ouches
18%
Tramway 14 Luchepelet
18%
Tramway 18 Maisonnex
18%
Trolleybus 3 Moillebeau
18%
Autobus Principal 1 Monthoux
18%
Autobus Principal 9 Musée Voltaire
18%
Autobus Principal 1 Philosophe
18%
Tramway 14 P+R Bernex
18%
Autobus Principal 11 Queue-d'Arve
18%
Autobus Principal 11 Sècheron
18%
Autobus Principal 1 Seymaz
18%
Autobus Principal 9 Seymaz
18%
Trolleybus 3 Colladon
15%
Trolleybus 2 Cressy
15%
Trolleybus 2 Merle d'Aubigné
15%
Trolleybus 6 Merle d'Aubigné
15%
Autobus Principal 1 Montagne
15%
Autobus Principal 9 Montagne
15%
Autobus Principal 5 Nations
15%
Autobus Principal 8 Nations
15%
Autobus Principal 11 Nations
15%
Autobus Principal 20 Nations
15%
Trolleybus 2 Onex Marché
15%
Trolleybus 19 Onex Marché
15%
Trolleybus 7 Pont-Butin
15%
Autobus Principal 8 Sierne
15%
Autobus Principal 8 Tournettes
15%
Autobus Principal 11 Tours de Carouge
15%
Autobus Principal 9 Usine à gaz
15%
Autobus Principal 20 Valais
15%
Autobus Principal 8 Veyrier Village
15%
Autobus Principal 5 Vidollet
15%
Autobus Principal 8 Vidollet
15%
Autobus Principal 5 Arena-Halle 7
13%
Autobus Principal 9 Barde
13%
Trolleybus 3 Calas
13%
Autobus Principal 1 Castan
13%
Autobus Principal 9 Castan
13%
Trolleybus 2 Cimetière Saint-Georges
13%
Trolleybus 19 Cimetière Saint Georges
13%
Trolleybus 2 Claire-Vue
13%
Trolleybus 19 Claire-Vue
13%
Autobus Principal 5 Collège Claparède
13%
Autobus Principal 1 De-Chateaubriand
13%
Autobus Principal 5 Florence
13%
Autobus Principal 1 Gautier
13%
Trolleybus 3 Giacometti
13%
Tramway 17 Libération
13%
Trolleybus 3 Maison des Parlements
13%
Tramway 17 Millet
13%
Trolleybus 3 Miremont
13%
Trolleybus 7 Ormeaux
13%
Tramway 14 Pré-Marais
13%
Autobus Principal 9 SIG Lignon
13%
Trolleybus 7 Val-d'Arve
13%
Autobus Principal 11 Val-d'Arve
13%
Autobus Principal 5 Vallon
13%
Autobus Principal 1 Bloch
10%
Autobus Principal 9 Bloch
10%
Autobus Principal 20 Caron
10%
Autobus Principal 20 Colovrex
10%
Autobus Principal 1 Coq-d'Inde
10%
Trolleybus 2 De-Ternier
10%
Trolleybus 19 De-Ternier
10%
Autobus Principal 9 Coq-d'Inde
10%
Trolleybus 10 Floralies
10%
Autobus Principal 1 Fourches
10%
Autobus Principal 9 Fourches
10%
Tramway 14 Hainard
10%
Tramway 15 Mairie de Lancy
10%
Autobus Principal 20 Penthes
10%
Trolleybus 3 Petit-Saconnex
10%
Autobus Principal 1 Place de l'Araire
10%
Autobus Principal 9 Place de l'Araire
10%
Trolleybus 10 Praire
10%
Autobus Principal 1 Pré-Picot
10%
Autobus Principal 9 Pré-Picot
10%
Autobus Principal 1 Vadier
10%
Autobus Principal 9 Vadier
10%
Autobus Principal 8 Velours
10%
Autobus Principal 5 Vermont
10%
Autobus Principal 8 Villette
10%
Autobus Principal 5 Weber
10%
Autobus Principal 5 Baulacre
8%
Autobus Principal 1 Belle-Idée réception
8%
Trolleybus 2 Berthet
8%
Autobus Principal 8 Bois-Gourmand
8%
Autobus Principal 8 Canonnière
8%
Autobus Principal 9 Clos du Môlan
8%
Autobus Principal 5 Crêts-de-Morillon
8%
Autobus Principal 8 Crêts de Morillon
8%
Trolleybus 2 Galeries du Loup
8%
Trolleybus 7 Grand-Champ
8%
Autobus Principal 20 La Fenêtre
8%
Autobus Principal 8 La Salésienne
8%
Trolleybus 2 La Traille
8%
Trolleybus 2 Les Marbriers
8%
Trolleybus 19 Les Marbriers
8%
Autobus Principal 8 Petit-Veyrier
8%
Autobus Principal 8 Pont de Sierne
8%
Trolleybus 2 Vallet
8%
Autobus Principal 8 Vessy Stand de Tir
8%
Trolleybus 19 Bois Carrien
5%
Autobus Principal 8 Calandrini
5%
Autobus Principal 20 Chambésy fontaine
5%
Autobus Principal 1 Chemin de l'Eperon
5%
Autobus Principal 9 Chemin de l'Eperon
5%
Autobus Principal 11 Clinique Générale
5%
Autobus Principal 11 Epinettes
5%
Autobus Principal 5 Genève Poste
5%
Autobus Principal 20 Genève poste
5%
Autobus Principal 8 Les Quibières
5%
Autobus Principal 20 Machéry
5%
Tramway 18 Pontets
5%
Autobus Principal 20 Pregny Village
5%
Autobus Principal 8 Rasses
5%
Autobus Principal 20 Chambesy Place
3%
Autobus Principal 20 chemin des Clys
3%
Autobus Principal 8 Crêts de Florissant
3%
Autobus Principal 20 Foretaille
3%
Autobus Principal 11 Gavard
3%
Trolleybus 2 Gros-Chêne
3%
Autobus Principal 1 Jumelles
3%
Autobus Principal 20 Le Nant
3%
Autobus Principal 8 Le Reposoir
3%
Autobus Principal 11 Moraines
3%
Autobus Principal 1 Place du Traité de Turin
3%
Autobus Principal 9 Place du Traité de Turin
3%
Autobus Principal 1 Pont-Bochet
3%
Autobus Principal 1 Belle-Idée centre
0%
Autobus Principal 1 Clors du Môlan
0%
Trolleybus 2 Duret
0%
Autobus Principal 20 gare Cronavin
0%
Autobus Principal 11 Jontion
0%
Autobus Principal 20 Pregny Marché
0%
Autobus Principal 11 Rue de Mouettes
0%
Aucun quiz correspondant
Distribution des résultats
% des personnes avec chaque résultat
Percentile par nombre de réponses
Votre historique - résultats
Vous n’avez pas pris ce quiz